00418nam a22001337a 4500003000500000005001700005020002200022082001700044100001700061245004100078260003400119300002100153505011000174NUST20230316130110.0 a978-1-62090-430-5 a355.009, KEE aKeegan, John aA History of Warfare/ cJohn Keegan aUSAbBook Club Edition c1993 axvi, 430: pages  aWar in Human History (Page-61), Stone (Page-77), Flesh (Page-153), Iron (Page-235), Fire (Page-317).